Welcome to the Holygrace Academy Library

Please use search bar below to get started

NIGHTS IN RODANTHE (Record no. 3301)

MARC details
000 -LEADER
fixed length control field 00275nam a22001217a 4500
020 ## - INTERNATIONAL STANDARD BOOK NUMBER
ISBN 978-0-7515-3889-2
082 ## - DEWEY DECIMAL CLASSIFICATION NUMBER
Classification number 823
Item number SPA/N
100 ## - MAIN ENTRY--AUTHOR NAME
Personal name SPARKS NICHOLAS
245 ## - TITLE STATEMENT
Title NIGHTS IN RODANTHE
260 ## - PUBLICATION, DISTRIBUTION, ETC. (IMPRINT)
Place of publication LONDON
Name of publisher WARNER BOOKS
650 ## - SUBJECT ADDED ENTRY--TOPICAL TERM
Topical Term ENGLISH NOVEL
Geographic subdivision LONDON
942 ## - ADDED ENTRY ELEMENTS (KOHA)
Koha item type Books
Holdings
Withdrawn status Lost status Collection code Home library Current library Shelving location Date acquired Source of acquisition Full call number Accession Number Koha item type
    Fiction Main Library Main Library SHELF 2-J-ENGLISH NOVELS FOR TEACHERS 21/07/2012 PURCHASE 823 SPA/N 05651 Books